[Event "41th GRE-ch Women 2018"]
[Site "Thessaloniki"]
[Date "2018.12.17"]
[Round "6"]
[White "Makka, Ioulia"]
[Black "Nikolaidou, Eleni"]
[Result "1-0"]
[WhiteElo "2065"]
[BlackElo "1707"]
[Annotator "NA"]
[PlyCount "81"]
[EventDate "2018.12.12"]
[EventType "tourn"]
[EventCountry "GRE"]
[SourceTitle "playchess.com"]
[Source "ChessBase"]
[SourceQuality "1"]
[TimeControl "40/5400+30:1800+30"]

1. e4 {[%emt 0:00:00]} c5 {[%emt 0:00:00]} 2. c4 {[%emt 0:00:27]} Nc6 {[%emt 0:00:00]} 3. Ne2 {[%emt 0:00:41]} d6 {[%emt 0:00:44]} 4. d4 {[%emt 0:00:42]} cxd4 {[%emt 0:00:10]} 5. Nxd4 {[%emt 0:00:07]} Nf6 {[%emt 0:00:10]} 6. Nc3 {[%emt 0:01:36]} e5 {[%emt 0:00:40]} 7. Nc2 {[%emt 0:03:11]} h6 {[%emt 0:03:52]} 8. Be2 {[%emt 0:01:44]} Be7 {[%emt 0:02:43]} 9. O-O {[%emt 0:06:56]} O-O {[%emt 0:00:20]} 10. b3 {[%emt 0:15:26]} Qc7 $16 {[%emt 0:16:02]} 11. Bb2 {[%emt 0:04:55]} Be6 {[%emt 0:03:20]} 12. Rc1 {[%emt 0:17:42]} Rad8 {[%emt 0:17:22]} 13. Nd5 {[%emt 0:14:20]} Qb8 {[%emt 0:01:54]} 14. Nxe7+ {[%emt 0:01:29]} Nxe7 {[%emt 0:00:12]} 15. Bd3 {[%emt 0:02:20]} Ng6 {[%emt 0:05:25]} 16. Re1 {[%emt 0:01:57]} a6 {[%emt 0:01:15]} 17. Nb4 {[%emt 0:02:51]} Nf4 {[%emt 0:04:00]} 18. Bf1 {[%emt 0:00:53]} Rd7 {[%emt 0:10:40]} 19. Nd3 {[%emt 0:04:11]} Nxd3 {[%emt 0:00:45]} 20. Qxd3 {[%emt 0:00:36]} Nh5 {[%emt 0:10:00]} 21. g3 {[%emt 0:07:39]} Qd8 {[%emt 0:02:31]} 22. Rcd1 {[%emt 0:02:01]} Nf6 {[%emt 0:03:19]} 23. Rd2 {[%emt 0:00:49]} Qb6 {[%emt 0:04:27]} 24. Qe3 {[%emt 0:01:12]} Qc6 {[%emt 0:03:05]} 25. Qe2 {[%emt 0:01:03]} Nh7 {[%emt 0:02:11]} 26. Bg2 {[%emt 0:00:57]} Qc5 {[%emt 0:03:09]} 27. Qe3 {[%emt 0:01:15]} Qa5 {[%emt 0:00:59]} 28. Bc3 {[%emt 0:00:21]} Qd8 {[%emt 0:00:22]} 29. Red1 {[%emt 0:01:03]} Nf6 {[%emt 0:02:21]} 30. h3 {[%emt 0:00:41]} Ne8 {[%emt 0:00:36]} 31. f4 {[%emt 0:01:49]} f6 {[%emt 0:00:39]} 32. c5 {[%emt 0:01:06]} dxc5 {[%emt 0:01:37]} 33. Rxd7 {[%emt 0:01:03]} Bxd7 {[%emt 0:00:06]} 34. Qxc5 {[%emt 0:02:44]} Qc8 {[%emt 0:00:41]} 35. Qxc8 {[%emt 0:00:31]} Bxc8 {[%emt 0:00:05]} 36. Bb4 {[%emt 0:00:34]} Rf7 {[%emt 0:00:49]} 37. Rd8 {[%emt 0:00:38]} Bd7 {[%emt 0:00:14]} 38. Bf3 {[%emt 0:00:30]} Kh7 {[%emt 0:00:40]} 39. f5 {[%emt 0:00:25]} Nc7 {[%emt 0:00:54]} 40. Bh5 {[%emt 0:00:00]} Bc6 {[%emt 0:00:00]} 41. Bg6# 1-0

[Event "41th GRE-ch Women 2018"]
[Site "Thessaloniki"]
[Date "2018.12.17"]
[Round "6"]
[White "Skaraki, Antigoni"]
[Black "Grapsa, Georgia"]
[Result "0-1"]
[WhiteElo "2012"]
[BlackElo "2097"]
[Annotator "NA"]
[PlyCount "74"]
[EventDate "2018.12.12"]
[EventType "tourn"]
[EventCountry "GRE"]
[SourceTitle "playchess.com"]
[Source "ChessBase"]
[SourceQuality "1"]
[TimeControl "40/5400+30:1800+30"]

1. e4 {[%emt 0:00:00]} c5 {[%emt 0:00:00]} 2. Nc3 {[%emt 0:00:00]} d6 {[%emt 0:00:00]} 3. g3 {[%emt 0:00:00]} Nc6 {[%emt 0:00:06]} 4. Bg2 {[%emt 0:00:00]} g6 {[%emt 0:00:10]} 5. d3 {[%emt 0:00:08]} Bg7 {[%emt 0:00:13]} 6. Be3 {[%emt 0:00:12]} Rb8 {[%emt 0:01:44]} 7. Nge2 {[%emt 0:01:22]} b5 {[%emt 0:00:23]} 8. Qd2 {[%emt 0:00:21]} b4 {[%emt 0:01:43]} 9. Nd1 {[%emt 0:00:10]} a5 {[%emt 0:00:36]} 10. c3 {[%emt 0:06:52]} Ne5 {[%emt 0:08:16]} 11. f4 {[%emt 0:07:56]} Bh3 $11 {[%emt 0:02:12]} 12. O-O {[%emt 0:00:39]} Bxg2 {[%emt 0:00:05]} 13. Kxg2 {[%emt 0:00:04]} Ng4 {[%emt 0:01:10]} 14. Bg1 {[%emt 0:03:20]} f5 {[%emt 0:05:41]} 15. exf5 {[%emt 0:31:05]} gxf5 {[%emt 0:00:20]} 16. h3 {[%emt 0:00:39]} N4f6 {[%emt 0:01:08]} 17. Ne3 {[%emt 0:00:48]} Nh6 {[%emt 0:02:19]} 18. a3 {[%emt 0:10:36]} O-O {[%emt 0:13:28]} 19. axb4 {[%emt 0:01:10]} axb4 {[%emt 0:00:05]} 20. Qc2 {[%emt 0:10:05]} Qb6 {[%emt 0:02:33]} 21. Nc4 {[%emt 0:05:54]} Qb7+ {[%emt 0:00:41]} 22. Kf2 {[%emt 0:01:28]} Qh1 {[%emt 0:06:03]} 23. h4 {[%emt 0:04:04]} Nhg4+ {[%emt 0:00:37]} 24. Ke1 {[%emt 0:00:11]} Qg2 {[%emt 0:05:57]} 25. Qd2 {[%emt 0:05:14]} Ra8 {[%emt 0:03:22]} 26. Rc1 {[%emt 0:01:56]} Rfb8 {[%emt 0:06:03]} 27. Ne3 {[%emt 0:04:26]} Nxe3 {[%emt 0:00:08]} 28. Qxe3 {[%emt 0:00:25]} Kf7 {[%emt 0:00:31]} 29. Kd2 {[%emt 0:03:45]} bxc3+ {[%emt 0:04:19]} 30. bxc3 {[%emt 0:00:01]} Ra2+ {[%emt 0:00:46]} 31. Ke1 {[%emt 0:00:11]} Rbb2 {[%emt 0:00:20]} 32. Rf2 {[%emt 0:00:27]} Rxe2+ {[%emt 0:02:43]} 33. Rxe2 {[%emt 0:00:27]} Rxe2+ {[%emt 0:00:06]} 34. Qxe2 {[%emt 0:00:07]} Qxg1+ {[%emt 0:00:05]} 35. Kd2 {[%emt 0:00:18]} Qxg3 {[%emt 0:00:11]} 36. Rf1 {[%emt 0:01:31]} Nd5 {[%emt 0:01:35]} 37. Re1 {[%emt 0:01:32]} Bxc3+ {[%emt 0:00:12]} 0-1

[Event "41th GRE-ch Women 2018"]
[Site "Thessaloniki"]
[Date "2018.12.17"]
[Round "6"]
[White "Androni, Konstantina"]
[Black "Tsivelekidou, Evgenia"]
[Result "1/2-1/2"]
[WhiteElo "1912"]
[BlackElo "1861"]
[Annotator "NA"]
[PlyCount "102"]
[EventDate "2018.12.12"]
[EventType "tourn"]
[EventCountry "GRE"]
[SourceTitle "playchess.com"]
[Source "ChessBase"]
[SourceQuality "1"]
[TimeControl "40/5400+30:1800+30"]

1. d4 {[%emt 0:00:00]} Nf6 {[%emt 0:00:00]} 2. c4 {[%emt 0:00:00]} e6 {[%emt 0:00:00]} 3. Nc3 {[%emt 0:00:00]} Bb4 {[%emt 0:00:00]} 4. e3 {[%emt 0:00:02]} O-O {[%emt 0:00:01]} 5. Bd3 {[%emt 0:00:05]} d6 {[%emt 0:00:30]} 6. Nge2 {[%emt 0:00:38]} c5 {[%emt 0:00:29]} 7. O-O {[%emt 0:01:14]} Nc6 {[%emt 0:01:50]} 8. a3 {[%emt 0:01:18]} Ba5 {[%emt 0:00:31]} 9. Bd2 {[%emt 0:16:34]} Qe7 {[%emt 0:02:36]} 10. Ne4 $14 {[%emt 0:00:30]} Bxd2 {[%emt 0:05:50]} 11. Qxd2 {[%emt 0:00:02]} b6 {[%emt 0:08:56]} 12. b4 {[%emt 0:05:25]} cxd4 {[%emt 0:09:18]} 13. exd4 {[%emt 0:00:14]} Bb7 {[%emt 0:00:51]} 14. Rfe1 {[%emt 0:03:00]} Rfc8 {[%emt 0:13:55]} 15. N4g3 {[%emt 0:08:56]} a5 {[%emt 0:03:35]} 16. b5 {[%emt 0:00:14]} Nb8 {[%emt 0:01:12]} 17. Nc3 {[%emt 0:16:58]} d5 {[%emt 0:06:04]} 18. Qg5 {[%emt 0:02:54]} Qd8 {[%emt 0:10:48]} 19. Nh5 {[%emt 0:13:45]} Nxh5 {[%emt 0:00:35]} 20. Qxh5 {[%emt 0:00:01]} g6 {[%emt 0:03:36]} 21. Qf3 {[%emt 0:02:43]} Nd7 {[%emt 0:02:12]} 22. Rad1 {[%emt 0:03:35]} dxc4 {[%emt 0:04:41]} 23. Qxb7 {[%emt 0:05:18]} cxd3 {[%emt 0:00:06]} 24. Nb1 {[%emt 0:00:59]} Nf6 {[%emt 0:02:37]} 25. Qf3 {[%emt 0:01:19]} Qxd4 {[%emt 0:04:35]} 26. Rxd3 {[%emt 0:00:09]} Qh4 {[%emt 0:01:09]} 27. g3 {[%emt 0:00:47]} Qg5 {[%emt 0:00:07]} 28. Rd4 {[%emt 0:03:22]} Nd5 {[%emt 0:01:31]} 29. h4 {[%emt 0:00:25]} Qf6 {[%emt 0:02:15]} 30. Qd3 {[%emt 0:01:12]} Qf5 {[%emt 0:02:12]} 31. Qxf5 {[%emt 0:04:36]} gxf5 {[%emt 0:00:06]} 32. a4 {[%emt 0:00:54]} Rc5 {[%emt 0:03:45]} 33. Nd2 {[%emt 0:00:23]} Rac8 {[%emt 0:00:24]} 34. g4 {[%emt 0:01:18]} fxg4 {[%emt 0:01:02]} 35. Rxg4+ {[%emt 0:00:02]} Kf8 {[%emt 0:00:50]} 36. Kg2 {[%emt 0:02:22]} Rc1 {[%emt 0:02:21]} 37. Rxc1 {[%emt 0:00:56]} Rxc1 {[%emt 0:00:04]} 38. Nf3 {[%emt 0:00:28]} Rc2 {[%emt 0:02:17]} 39. Kf1 {[%emt 0:02:59]} Rc1+ {[%emt 0:00:56]} 40. Ke2 {[%emt 0:00:00]} Rc2+ {[%emt 0:00:00]} 41. Ke1 {[%emt 0:05:54]} Rb2 {[%emt 0:09:32]} 42. Ne5 {[%emt 0:04:36]} Rb4 {[%emt 0:05:08]} 43. Rxb4 {[%emt 0:01:08]} axb4 {[%emt 0:00:12]} 44. Kd2 {[%emt 0:06:40]} Ke7 {[%emt 0:02:14]} 45. Kc2 {[%emt 0:02:31]} f6 {[%emt 0:02:38]} 46. Nd3 {[%emt 0:00:13]} Kd6 {[%emt 0:05:24]} 47. Kb3 {[%emt 0:00:08]} e5 {[%emt 0:00:59]} 48. Nxb4 {[%emt 0:02:20]} Ne7 {[%emt 0:01:02]} 49. Kc4 {[%emt 0:00:11]} h5 {[%emt 0:00:56]} 50. Nc2 {[%emt 0:03:32]} Nf5 {[%emt 0:05:37]} 51. Nb4 {[%emt 0:01:20]} Ne7 {[%emt 0:00:29]} 1/2-1/2

[Event "41th GRE-ch Women 2018"]
[Site "Thessaloniki"]
[Date "2018.12.18"]
[Round "7"]
[White "Grapsa, Georgia"]
[Black "Makka, Ioulia"]
[Result "0-1"]
[WhiteElo "2097"]
[BlackElo "2065"]
[Annotator "NA"]
[PlyCount "80"]
[EventDate "2018.12.12"]
[EventType "tourn"]
[EventCountry "GRE"]
[SourceTitle "playchess.com"]
[Source "ChessBase"]
[SourceQuality "1"]
[TimeControl "40/5400+30:1800+30"]

1. d4 {[%emt 0:00:00]} Nf6 {[%emt 0:00:00]} 2. c4 {[%emt 0:00:00]} e6 {[%emt 0:00:00]} 3. g3 {[%emt 0:00:00]} Bb4+ {[%emt 0:00:00]} 4. Bd2 {[%emt 0:00:00]} Qe7 {[%emt 0:00:09]} 5. Bg2 {[%emt 0:00:03]} Nc6 {[%emt 0:00:37]} 6. Nf3 {[%emt 0:00:09]} O-O {[%emt 0:04:29]} 7. O-O {[%emt 0:00:40]} Bxd2 {[%emt 0:03:06]} 8. Qxd2 {[%emt 0:03:48]} d5 {[%emt 0:05:24]} 9. cxd5 {[%emt 0:04:16]} exd5 {[%emt 0:00:14]} 10. Nc3 {[%emt 0:00:02]} Rd8 {[%emt 0:03:42]} 11. Rac1 {[%emt 0:06:25]} h6 {[%emt 0:11:50]} 12. Qc2 {[%emt 0:19:23]} Bg4 {[%emt 0:14:00]} 13. Rfd1 {[%emt 0:09:10]} Qe6 $14 {[%emt 0:00:00]} 14. Qb3 {[%emt 0:07:41]} Rab8 {[%emt 0:24:02]} 15. a4 {[%emt 0:17:28]} a6 {[%emt 0:02:15]} 16. Qa3 {[%emt 0:05:03]} Ne4 {[%emt 0:07:02]} 17. Qa2 {[%emt 0:08:37]} Nxc3 {[%emt 0:03:06]} 18. Rxc3 {[%emt 0:00:33]} Qf6 {[%emt 0:07:03]} 19. Ne5 {[%emt 0:02:01]} Nxe5 {[%emt 0:01:48]} 20. dxe5 {[%emt 0:00:02]} Qxe5 {[%emt 0:01:50]} 21. Rxd5 {[%emt 0:03:19]} Be6 {[%emt 0:02:02]} 22. e4 {[%emt 0:03:08]} Bxd5 {[%emt 0:02:20]} 23. exd5 {[%emt 0:00:04]} Qe1+ {[%emt 0:00:31]} 24. Bf1 {[%emt 0:00:04]} Rd7 {[%emt 0:01:36]} 25. Qc4 {[%emt 0:01:41]} Re8 {[%emt 0:00:49]} 26. Qf4 {[%emt 0:01:02]} Qe7 {[%emt 0:02:30]} 27. Bh3 {[%emt 0:01:20]} Rd6 {[%emt 0:00:52]} 28. Re3 {[%emt 0:01:22]} Qd8 {[%emt 0:00:24]} 29. Bg2 {[%emt 0:01:57]} Rf6 {[%emt 0:00:55]} 30. Qd4 {[%emt 0:00:32]} Rxe3 {[%emt 0:00:58]} 31. fxe3 {[%emt 0:00:34]} Qd6 {[%emt 0:00:32]} 32. a5 {[%emt 0:01:20]} b6 {[%emt 0:00:40]} 33. b4 {[%emt 0:00:27]} bxa5 {[%emt 0:00:20]} 34. bxa5 {[%emt 0:00:02]} Qa3 {[%emt 0:00:23]} 35. h4 {[%emt 0:00:55]} Qxa5 {[%emt 0:00:20]} 36. Qe5 {[%emt 0:00:10]} Qe1+ {[%emt 0:01:01]} 37. Kh2 {[%emt 0:00:04]} Rf2 {[%emt 0:00:28]} 38. Qe8+ {[%emt 0:01:00]} Kh7 {[%emt 0:00:03]} 39. Qe4+ {[%emt 0:00:59]} f5 {[%emt 0:00:26]} 40. Qd3 {[%emt 0:00:00]} Qe2 0-1

[Event "41th GRE-ch Women 2018"]
[Site "Thessaloniki"]
[Date "2018.12.18"]
[Round "7"]
[White "Fragkou, Eleni"]
[Black "Pavlidou, Ekaterini"]
[Result "1/2-1/2"]
[WhiteElo "2031"]
[BlackElo "2185"]
[Annotator "NA"]
[PlyCount "77"]
[EventDate "2018.12.12"]
[EventType "tourn"]
[EventCountry "GRE"]
[SourceTitle "playchess.com"]
[Source "ChessBase"]
[SourceQuality "1"]
[TimeControl "40/5400+30:1800+30"]

1. e4 {[%emt 0:00:00]} c5 {[%emt 0:00:00]} 2. Nf3 {[%emt 0:00:00]} Nc6 {[%emt 0:00:24]} 3. d4 {[%emt 0:00:00]} cxd4 {[%emt 0:00:08]} 4. Nxd4 {[%emt 0:00:07]} e6 {[%emt 0:00:29]} 5. Nc3 {[%emt 0:00:18]} Qc7 {[%emt 0:00:20]} 6. f4 {[%emt 0:00:41]} Nxd4 {[%emt 0:00:26]} 7. Qxd4 {[%emt 0:00:12]} a6 {[%emt 0:00:19]} 8. Be3 {[%emt 0:00:39] B47: Sicilian: Taimanov: 5 Nc3 Qc7 6 f4, 6 g3 and 6 Be2} (8. a4 b6 9. Be3 Rb8 10. Be2 Ne7 11. O-O Nc6 12. Qc4 Bc5 13. Bxc5 Na5 14. Qd3 bxc5 15. e5 Bb7 {½-½ (36) Shankland,S (2668)-Bruzon Batista,L (2673) Saint Louis 2018}) 8... b5 {[%emt 0:03:19]} 9. O-O-O {[%emt 0:01:55]} Bb7 {[%emt 0:00:32]} 10. Bd3 {[%emt 0:06:20]} Rc8 {[%emt 0:03:35]} 11. Kb1 {[%emt 0:06:58]} Nf6 {[%emt 0:13:56]} 12. e5 {[%emt 0:03:17] LiveBook: 25 Games} Nd5 {[%emt 0:02:38]} 13. Ne4 {[%emt 0:05:12]} Be7 {[%emt 0:05:27]} 14. Nd6+ {[%emt 0:11:11]} Bxd6 {[%emt 0:00:08]} 15. exd6 {[%emt 0:00:03]} Qxd6 {[%emt 0:00:38]} 16. Qxg7 {[%emt 0:00:42] [#]} Qf8 $146 {[%emt 0:06:04]} 17. Qd4 {[%emt 0:07:19]} f6 {[%emt 0:01:59]} 18. c3 $16 {[%emt 0:16:59]} Qe7 {[%emt 0:03:32]} 19. Rhe1 {[%emt 0:12:47]} Rg8 {[%emt 0:02:10]} 20. Bf1 {[%emt 0:14:59]} Bc6 {[%emt 0:16:26]} 21. Qd2 {[%emt 0:06:10]} a5 {[%emt 0:02:09]} 22. Bd4 {[%emt 0:00:22]} Kf7 {[%emt 0:04:26]} 23. Qf2 {[%emt 0:00:45]} Rg4 {[%emt 0:03:58]} 24. g3 {[%emt 0:00:14]} Kg8 {[%emt 0:10:43]} 25. h3 {[%emt 0:00:09]} Rg7 {[%emt 0:00:10]} 26. g4 {[%emt 0:00:33]} Rf7 {[%emt 0:00:16]} 27. Qg3 {[%emt 0:01:26]} Qd6 {[%emt 0:03:42]} 28. g5 {[%emt 0:03:22]} Qxf4 {[%emt 0:03:06]} 29. Qxf4 {[%emt 0:00:12]} Nxf4 {[%emt 0:00:03]} 30. Bxf6 {[%emt 0:00:27]} Nd5 {[%emt 0:02:15]} 31. Be5 {[%emt 0:01:14]} Rf2 {[%emt 0:03:56]} 32. Bd3 {[%emt 0:00:43]} Nf4 {[%emt 0:06:28]} 33. h4 {[%emt 0:00:34]} Ng2 {[%emt 0:00:52]} 34. Rf1 {[%emt 0:00:33]} Rxf1 {[%emt 0:01:07]} 35. Rxf1 {[%emt 0:00:17]} Nxh4 {[%emt 0:00:08]} 36. Rf6 {[%emt 0:00:14]} Nf5 {[%emt 0:02:24]} 37. Bxf5 {[%emt 0:00:37]} exf5 {[%emt 0:00:02]} 38. Kc1 {[%emt 0:00:46]} Rf8 {[%emt 0:01:55]} 39. Rxf8+ {[%emt 0:00:21]} 1/2-1/2

[Event "41th GRE-ch Women 2018"]
[Site "Thessaloniki"]
[Date "2018.12.18"]
[Round "7"]
[White "Tsivelekidou, Evgenia"]
[Black "Skaraki, Antigoni"]
[Result "1-0"]
[WhiteElo "1861"]
[BlackElo "2012"]
[Annotator "NA"]
[PlyCount "107"]
[EventDate "2018.12.12"]
[EventType "tourn"]
[EventCountry "GRE"]
[SourceTitle "playchess.com"]
[Source "ChessBase"]
[SourceQuality "1"]
[TimeControl "40/5400+30:1800+30"]

1. d4 {[%emt 0:00:00]} g6 {[%emt 0:00:00]} 2. Nc3 {[%emt 0:00:22]} Bg7 {[%emt 0:00:00]} 3. e4 {[%emt 0:00:14]} d6 {[%emt 0:00:07]} 4. Bf4 {[%emt 0:00:08]} a6 {[%emt 0:00:17]} 5. Qd2 {[%emt 0:00:44]} Nd7 {[%emt 0:00:18]} 6. Nf3 {[%emt 0:01:58]} b5 {[%emt 0:00:11]} 7. a4 {[%emt 0:09:29]} b4 {[%emt 0:12:31]} 8. Nd5 {[%emt 0:04:55]} a5 {[%emt 0:04:19]} 9. Bd3 {[%emt 0:03:49]} Bb7 {[%emt 0:03:37]} 10. c4 {[%emt 0:06:48]} e6 {[%emt 0:11:28]} 11. Ne3 {[%emt 0:00:59]} Ngf6 {[%emt 0:04:17]} 12. Qc2 {[%emt 0:02:35]} h6 {[%emt 0:09:19]} 13. h3 {[%emt 0:11:54] [#]} Nh5 {[%emt 0:05:38]} (13... e5 $1 $17 {[%cal Re5f4]} 14. dxe5 dxe5 15. Bxe5 Nxe5 16. Nxe5 Nh5) 14. Bh2 {[%emt 0:00:09]} e5 $11 15. dxe5 {[%emt 0:05:37]} dxe5 {[%emt 0:02:25]} 16. c5 {[%emt 0:05:18]} c6 {[%emt 0:14:49]} 17. O-O {[%emt 0:06:00]} O-O {[%emt 0:03:46]} 18. Nc4 {[%emt 0:12:09]} Ba6 {[%emt 0:02:37]} 19. Rfd1 {[%emt 0:03:56]} Bxc4 {[%emt 0:00:35]} 20. Qxc4 {[%emt 0:00:46]} Qe7 {[%emt 0:00:46]} 21. Rac1 {[%emt 0:00:50]} Rfd8 {[%emt 0:00:57]} 22. Bf1 {[%emt 0:04:01]} Nf4 {[%emt 0:05:55]} 23. Rd6 {[%emt 0:02:49]} Ne6 {[%emt 0:05:09]} 24. Rxc6 {[%emt 0:01:36]} Kh7 {[%emt 0:00:19]} 25. b3 {[%emt 0:02:54]} g5 {[%emt 0:02:33]} 26. Bg3 {[%emt 0:04:22]} Rac8 {[%emt 0:05:37]} 27. Rxc8 {[%emt 0:01:34]} Rxc8 {[%emt 0:00:00]} 28. c6 {[%emt 0:01:27]} f6 {[%emt 0:00:29]} 29. Qa6 {[%emt 0:01:41]} Rc7 {[%emt 0:02:27]} 30. Qxa5 {[%emt 0:00:38]} Bf8 {[%emt 0:00:47]} 31. Qd5 {[%emt 0:02:59]} Nb6 {[%emt 0:02:26]} 32. Qb5 {[%emt 0:00:47]} Nc8 {[%emt 0:00:13]} 33. Qd5 {[%emt 0:01:44]} Nb6 {[%emt 0:00:18]} 34. Qb5 {[%emt 0:00:05]} Nc8 {[%emt 0:00:05]} 35. Kh2 {[%emt 0:01:01]} Nd8 {[%emt 0:00:40]} 36. Qd5 {[%emt 0:00:32]} Nb6 {[%emt 0:01:18]} 37. Qb5 {[%emt 0:00:15]} Nc8 {[%emt 0:00:07]} 38. Qd5 {[%emt 0:00:15]} Nb6 {[%emt 0:00:19]} 39. Qb5 {[%emt 0:00:06]} Nc8 {[%emt 0:01:23]} 40. Qa6 {[%emt 0:00:00]} Na7 {[%emt 0:00:00]} 41. Qb6 {[%emt 0:09:31]} Nc8 {[%emt 0:09:03]} 42. Qb5 {[%emt 0:03:19]} Na7 {[%emt 0:01:38]} 43. Qd5 {[%emt 0:01:16]} h5 {[%emt 0:12:49]} 44. h4 {[%emt 0:03:01]} g4 {[%emt 0:00:11]} 45. Ne1 {[%emt 0:04:18]} Naxc6 {[%emt 0:02:30]} 46. Bc4 {[%emt 0:01:55]} Nd4 {[%emt 0:02:42]} 47. Qg8+ {[%emt 0:03:33]} Kh6 {[%emt 0:00:04]} 48. Nc2 {[%emt 0:03:01]} N8c6 {[%emt 0:04:21]} 49. Ne3 Qg7 {[%emt 0:01:33]} 50. Qxg7+ {[%emt 0:03:16]} Kxg7 {[%emt 0:00:10]} 51. Bd5 {[%emt 0:00:32]} Bd6 {[%emt 0:01:12]} 52. Bxc6 {[%emt 0:01:41]} Kf8 53. Nf5 {[%emt 0:00:59]} Be7 {[%emt 0:01:40]} 54. Nxd4 {[%emt 0:00:05]} 1-0

[Event "41th GRE-ch Women 2018"]
[Site "Thessaloniki"]
[Date "2018.12.18"]
[Round "7"]
[White "Petraki, Evaggelia"]
[Black "Androni, Konstantina"]
[Result "1-0"]
[WhiteElo "1756"]
[BlackElo "1912"]
[Annotator "NA"]
[PlyCount "165"]
[EventDate "2018.12.12"]
[EventType "tourn"]
[EventCountry "GRE"]
[SourceTitle "playchess.com"]
[Source "ChessBase"]
[SourceQuality "1"]
[TimeControl "40/5400+30:1800+30"]

1. e4 {[%emt 0:00:00]} d6 {[%emt 0:00:00]} 2. d4 {[%emt 0:00:00]} Nf6 {[%emt 0:00:00]} 3. Nc3 {[%emt 0:00:40]} e5 {[%emt 0:00:03]} 4. dxe5 {[%emt 0:02:14]} dxe5 {[%emt 0:00:08]} 5. Qxd8+ {[%emt 0:00:27]} Kxd8 {[%emt 0:00:02]} 6. Bg5 {[%emt 0:02:12]} Be6 {[%emt 0:00:26]} 7. O-O-O+ {[%emt 0:02:10]} Nbd7 {[%emt 0:00:55]} 8. Nf3 {[%emt 0:03:56]} Kc8 {[%emt 0:00:27]} 9. Bh4 {[%emt 0:11:53]} c6 {[%emt 0:08:17]} 10. Ng5 {[%emt 0:05:29]} Nc5 {[%emt 0:23:01]} 11. Bg3 {[%emt 0:17:04]} Nfd7 {[%emt 0:00:25]} 12. Nxe6 {[%emt 0:01:10]} Nxe6 {[%emt 0:00:13]} 13. Bc4 {[%emt 0:00:14]} Be7 {[%emt 0:06:27]} 14. Kb1 b5 {[%emt 0:17:15]} 15. Bxe6 {[%emt 0:10:13]} fxe6 {[%emt 0:00:11]} 16. f3 {[%emt 0:03:50]} Kc7 {[%emt 0:00:16]} 17. Rd3 {[%emt 0:00:24]} Bf6 {[%emt 0:12:11]} 18. Rhd1 {[%emt 0:00:29]} Nb6 {[%emt 0:00:40]} 19. b3 {[%emt 0:06:26]} a5 {[%emt 0:02:11]} 20. Rd6 {[%emt 0:01:35]} Rhe8 {[%emt 0:09:49]} 21. Bf2 {[%emt 0:01:47]} Nd5 {[%emt 0:00:19]} 22. exd5 Kxd6 {[%emt 0:00:08]} 23. Ne4+ {[%emt 0:09:06]} Ke7 {[%emt 0:03:56]} 24. d6+ {[%emt 0:12:50]} Kf7 {[%emt 0:00:37]} 25. d7 {[%emt 0:01:06]} Reb8 {[%emt 0:01:50]} 26. Nd6+ {[%emt 0:03:03]} Kg6 {[%emt 0:01:28]} 27. Nc8 {[%emt 0:00:12]} a4 {[%emt 0:02:16]} 28. Rd6 {[%emt 0:01:00]} axb3 {[%emt 0:01:10]} 29. cxb3 {[%emt 0:00:50]} Rxc8 {[%emt 0:02:07]} 30. dxc8=Q {[%emt 0:00:05]} Rxc8 {[%emt 0:00:03]} 31. Bb6 {[%emt 0:02:40]} Kf5 {[%emt 0:01:36]} 32. a4 {[%emt 0:00:16]} bxa4 {[%emt 0:01:36]} 33. bxa4 {[%emt 0:00:01]} c5 {[%emt 0:00:01]} 34. a5 {[%emt 0:00:15]} c4 {[%emt 0:00:06]} 35. Kc2 {[%emt 0:00:52]} e4 {[%emt 0:00:13]} 36. fxe4+ {[%emt 0:01:50]} Ke5 {[%emt 0:01:16]} 37. Rd7 {[%emt 0:00:56]} Kxe4 {[%emt 0:00:04]} 38. a6 {[%emt 0:00:28]} Be5 {[%emt 0:04:33]} 39. h3 {[%emt 0:01:10]} h5 {[%emt 0:02:10]} 40. a7 {[%emt 0:00:00]} Bf6 {[%emt 0:00:00]} 41. Rc7 {[%emt 0:11:04]} Ra8 {[%emt 0:02:11]} 42. Rxc4+ {[%emt 0:00:26]} Kd5 {[%emt 0:01:09]} 43. Rc5+ {[%emt 0:05:31]} Kd6 {[%emt 0:00:27]} 44. Rxh5 {[%emt 0:03:08]} Kc6 {[%emt 0:07:43]} 45. Be3 {[%emt 0:00:43]} Bd8 {[%emt 0:03:34]} 46. Rc5+ {[%emt 0:01:49]} Kd7 {[%emt 0:01:04]} 47. Rc4 {[%emt 0:01:51]} e5 {[%emt 0:02:58]} 48. Kd3 {[%emt 0:00:52]} Bc7 {[%emt 0:00:10]} 49. Rg4 {[%emt 0:00:35]} Kc6 {[%emt 0:02:43]} 50. Rxg7 {[%emt 0:01:09]} Kb7 {[%emt 0:00:56]} 51. h4 {[%emt 0:00:53]} Rh8 {[%emt 0:01:29]} 52. g3 {[%emt 0:00:24]} e4+ {[%emt 0:01:09]} 53. Kxe4 {[%emt 0:01:12]} Re8+ {[%emt 0:00:03]} 54. Kf3 {[%emt 0:00:12]} Rf8+ {[%emt 0:01:14]} 55. Bf4 {[%emt 0:00:23]} Ka8 {[%emt 0:00:21]} 56. Ke3 {[%emt 0:06:14]} Bxf4+ {[%emt 0:01:09]} 57. gxf4 {[%emt 0:00:05]} Re8+ {[%emt 0:00:09]} 58. Kd3 {[%emt 0:00:54]} Re3+ {[%emt 0:00:34]} 59. Kd4 {[%emt 0:00:47]} Re4+ {[%emt 0:00:07]} 60. Kd5 {[%emt 0:00:05]} Rxf4 {[%emt 0:01:03]} 61. Rg8+ {[%emt 0:00:03]} Kxa7 {[%emt 0:00:04]} 62. Rh8 {[%emt 0:00:03]} Kb7 {[%emt 0:02:39]} 63. Ke5 {[%emt 0:00:16]} Rf1 {[%emt 0:00:29]} 64. Rd8 {[%emt 0:00:13]} Kc7 {[%emt 0:02:20]} 65. Rd4 {[%emt 0:00:06]} Re1+ {[%emt 0:00:33]} 66. Kf6 {[%emt 0:00:19]} Rf1+ {[%emt 0:00:06]} 67. Kg6 {[%emt 0:00:30]} Rg1+ {[%emt 0:00:07]} 68. Kh6 {[%emt 0:00:15]} Rh1 {[%emt 0:03:08]} 69. h5 {[%emt 0:00:11]} Rh2 {[%emt 0:00:33]} 70. Rd5 {[%emt 0:00:38]} Kc6 {[%emt 0:00:07]} 71. Rg5 {[%emt 0:00:41]} Kd6 {[%emt 0:00:39]} 72. Kg6 {[%emt 0:00:08]} Ke7 {[%emt 0:00:13]} 73. Kg7 {[%emt 0:00:09]} Rf2 {[%emt 0:00:53]} 74. Re5+ {[%emt 0:02:51]} Kd6 {[%emt 0:00:07]} 75. Re3 {[%emt 0:00:19]} Rg2+ {[%emt 0:00:19]} 76. Kh7 {[%emt 0:00:06]} Kd7 {[%emt 0:00:45]} 77. h6 {[%emt 0:00:13]} Rg1 {[%emt 0:00:52]} 78. Ra3 {[%emt 0:00:22]} Ke7 {[%emt 0:00:35]} 79. Ra7+ {[%emt 0:00:11]} Kf8 {[%emt 0:00:30]} 80. Rg7 {[%emt 0:00:22]} Rh1 {[%emt 0:00:09]} 81. Rg5 {[%emt 0:02:02]} Rf1 {[%emt 0:00:52]} 82. Kh8 {[%emt 0:02:09]} Rf2 {[%emt 0:00:35]} 83. Rg8+ {[%emt 0:00:17]} 1-0